000 00711cab a2200229 4500
001 WB3036-06
008 090401t1994 xxu||||| |||| 00| 0 eng d
035 _a(Sirsi) u58080
041 _aeng
245 _aSteel frames
260 _c1994
350 _a0
490 _aNew Civil Engineer
_v(1100) 29 September 1994, 10(1)
520 _aThe Californian Seismic Safety Commission has placed extra restrictions on steel frames, which may initiate a trend towards concrete framed buildings in earthquake areas.
650 _aCALIFORNIA
650 _aCONCRETE FRAMED BUILDINGS
650 _aSTEEL FRAMES
650 _aUNITED STATES
690 _aBUILT ENVIRONMENT
942 _n0
948 _c04/03/1997
999 _c35433
_d35433